000 01067nam a2200289 a 4500
001 000007093
005 20250723150124.0
008 090904t2002 dr r 001 m spa d
020 _a9993430358
040 _aDO-SdBNP
_bspa
_cBNPHU
082 _aRD868.44
_bM966h
100 1 _aMunnigh Eusebio, Fidel,
_d1962-
_919702
245 1 0 _aHuellas del herrante /
_cFidel Munnigh Eusebio ; prólogo Odalís G. Pérez.
260 _aSanto Domingo :
_bBanco Central de la República Dominicana,
_c2002.
300 _a98 p. ;
_c23 cm.
490 1 _aBanco Central de la República Dominicana
_v47
490 1 _aArte y Literatura
_v17
500 _aIncluye datos biográficos del autor en las solapas
590 _aInventariado, 2018/BT
650 0 _xAforismos y apotegmas
_983268
650 0 _aProsa dominicana
_912146
650 0 _aLiteratura dominicana.
_967
700 1 _aPérez, Odalís
_d1952-
_epról.
_923828
830 0 _aBanco Central de la República Dominicana
_n47
_919703
830 0 _aArte y Literatura
_n17
_919704
910 _aValidado. Control de calidad. EMS
999 _c6874
_d6874